Countries by Beer Consumption Quiz Stats

Quiz not verified by Sporcle

Also try: All or Nothing
Challenge
Share
Tweet
Embed
Score 0/20 Timer 05:00
0 Plays Today
Liters consumed per person Country % Correct
115.8 liters per personGermany
98.2%
81.6 liters per personUnited States
96.4%
68.3 liters per personCanada
92.9%
69.1 liters per personPoland
92.9%
99 liters per personUnited Kingdom
92.9%
93 liters per personBelgium
91.1%
131.1 liters per personIreland
89.3%
109.9 liters per personAustralia
87.5%
89.9 liters per personDenmark
87.5%
156.9 liters per personCzech Republic
87.5%
Liters consumed per person Country % Correct
108.3 liters per personAustria
83.9%
79 liters per personNetherlands
83.9%
77 liters per personNew Zealand
78.6%
85 liters per personFinland
75%
83.8 liters per personSpain
71.4%
84.1 liters per personSlovakia
69.6%
75.3 liters per personHungary
69.6%
84.4 liters per personLuxembourg
66.1%
59.6 liters per personPortugal
60.7%
81.2 liters per personCroatia
55.4%

You're not logged in!

Compare scores with friends on all Sporcle quizzes.
Join for Free
OR
Log In

You Might Also Like...

Show Comments

Extras

Top Quizzes Today


Score Distribution

Your Account Isn't Verified!

In order to create a playlist on Sporcle, you need to verify the email address you used during registration. Go to your Sporcle Settings to finish the process.

Report this User

Report this user for behavior that violates our Community Guidelines.

Details: